000 00752nam a2200253Ia 4500
003 OSt
005 20221005051641.0
006 a|||||r|||| 00| 0
007 ta
008 221004b |||||||| |||| 00| 0 eng d
020 _a9781849669030 (pbk)
_c1509.19
024 _a8094
037 _b39065, 25/10/2013, Segment Book Distributors
_cTextual
040 _aCRL
_cCRL
_beng
041 _2eng
_aeng
082 _aP:33, Q3
100 _aTaylor Stephanie
_9144391
245 0 _aWhat is dicourse analysis?
260 _aLondon
_bBloomsbury UK
_c2013
300 _aix,114p.
_ccm.
650 _aLINGUISTICS
942 _hP:33, Q3
_cTEXL
_2cc
999 _c959114
_d959114